00302nam a2200121Ia 4500008004100000041000800041082001400049100001500063245001800078260004800096300003100144365000500175240624s9999 xx 000 0 und d aeng a330.1 DAV aDAVIS STAN aFUTURE WEALTH c2000aBostonbHarvard Business School Press axii, : 201 : p. : cm. ; 24 c